=LDR 00000nam 2200000 4500 =001 INLIS000000000002137 =005 20130612090510 =008 ***********************************Ind** =035 ##$$0010-061300000002137 =041 ##$$a Ind =082 ##$$a 726.109 598 235 =090 ##$$a 726.109 598 235 , Mur m =100 ##$$a Murcipto =245 ##$$a Mengenal candi Ciwa Prambanan dari dekat , Moertjipto, Drs. Bambang Prasetyo =260 ##$$a 1993 $b Yogyakarta =300 ##$$a 78 hlm , ilus , 18 cm =650 ##$$a Candi - Prambanan =700 ##$$a Prasetyo, Bambang =850 ##$$a NBPNMAT